|
|
|
|
| LEADER |
01003nam a2200325 4500 |
| 001 |
DLU180183227 |
| 005 |
##20180118 |
| 020 |
# |
# |
|a 9786045373637
|
| 040 |
# |
# |
|a DLU
|b vie
|
| 041 |
# |
# |
|a vie
|
| 044 |
# |
# |
|a vn
|
| 082 |
# |
# |
|a 398.209 597
|b Mov
|
| 245 |
# |
# |
|a Mo vía của người Mường /
|c Bùi Văn Nợi tìm hiểu, giới thiệu.
|
| 260 |
# |
# |
|a H. :
|b Hội nhà văn,
|c 2016.
|
| 300 |
# |
# |
|a 207 tr. ;
|c 21 cm.
|
| 505 |
# |
# |
|a Chương I. Quan niệm về vía và mo vía của người Mường -- Chương II. Nội dung chính của mo vía mạnh.
|
| 546 |
# |
# |
|a Tài liệu viết bằng tiếng Việt - Mường.
|
| 650 |
# |
# |
|a Mường (Dân tộc Việt Nam)
|x Tín ngưỡng dân gian.
|
| 700 |
# |
# |
|a Bùi Văn Nợi,
|e tìm hiểu, giới thiệu.
|
| 923 |
# |
# |
|a 01/2017
|
| 991 |
# |
# |
|a SH
|
| 992 |
# |
# |
|a 8000
|
| 994 |
# |
# |
|a DLU
|
| 900 |
# |
# |
|a True
|
| 911 |
# |
# |
|a Nguyễn Thanh Hương
|
| 925 |
# |
# |
|a G
|
| 926 |
# |
# |
|a A
|
| 927 |
# |
# |
|a SH
|
| 980 |
# |
# |
|a Thư viện Trường Đại học Đà Lạt
|